000 00350nam a2200145Ia 4500
008 230917s9999||||xx |||||||||||||| ||und||
040 _e115617
_aMAIN
041 _aEnglish
082 _a822.3 W394T
100 _aWebster, John
245 0 _aTragedy the duchess of halfi
260 _aNew Delhi
_bKalyani
_c1999
300 _a124p p.
942 _cBK
999 _c143964
_d143964